00205nam a22000857a 4500008004100000020001800041100001800059245002300077300001900100140207t xxu||||| |||| 00| 0 eng d a1-56639-620-4 aFrank Bonilla aBorderless Borders axiii, 290 p. :